000 02330cam a22005414i 4500
003 PE-LiUPU
005 20250731180131.0
008 150625s r 000 0 d
020 _a997250008X
035 _a(Sirsi) i9789972500084
040 _aPE-LiUPU
_bspa
_cPE-LiUPU
_erda
049 _aPRUA
082 0 4 _a501
_bB18
_221
100 1 _aBallón, José Carlos,
_d1949- ,
_eautor.
245 1 3 _aUn cambio en nuestro paradigma de ciencia /
_cJosé Carlos Ballón.
264 1 _aLima :
_bCONCYTEC,
_c1999.
300 _a428 páginas ;
_c21 centímetros
336 _atext
_2rdacontent
337 _aunmediated
_2rdamedia
338 _avolume
_2rdacarrier
500 _aAntes del título: De la física moderna a la física contemporánea.
504 _aIncluye referencias bibliográficas al pie de algunas páginas.
505 0 _aEL DEBATE TEÓRICO: La mecánica moderna, ontología básica. -El atomismo filosófico: la pardoja del vacío. -La teoría de la luz: La crisis asoma por el formalismo. -La electrodinámica clásica: La antinomia generalizada. -Teoría de la relatividad: Un cambio de compromiso ontológico. -Inicios de la teoría cuántica: Del atomismo a la gran sopa. -Atomismo, causalidad y determinismo. -Física cuántica y teoría cuasi conjuntista. -EL DEBATE FILOSÓFICO: Sustentación. -Del atomismo a la teoría contextual del significado. -La pragmática como paradigma de verdad. -Kant, Heidegger y la ciencia moderna.
526 _aSEG44
526 _aSEG26
526 _aP159
526 _aP155
526 _aP154
526 _aP153
526 _aP150
526 _aP100
526 _aP31
526 _aP30
526 _aP26
526 _aP25
526 _aP24
526 _aP22
526 _aP15
526 _aP10
650 1 4 _aCiencia
_xFilosofía
_xHistoria
_ySiglo XX.
650 2 4 _aCiencia y Estado.
942 _2ddc
_cBOOK
949 _a501 B18
_wDEWEY
_c1
_i55665
_lCCODEBUL1
_mBUL
_p9.00
_r0
_sY
_tBOOK
_u2015-6-25
_xEDUCACION
_zUNKNOWN
_0COMPRA
_o.STAFF. Colección General
994 _aC0
_bPEPRU
596 _a1
999 _a501 B18
_wDEWEY
_c44522
_i55665
_d44522
_f2021-11-5
_g5
_lCCODEBUL1
_mBUL
_p9.00
_q1
_r0
_sN
_tBOOK
_u2015-6-25
_xBIBLIOTECA
_zUNKNOWN
_0COMPRA
_o.STAFF. Colección General
980 _81
_gALBERTO SANCHEZ Responsable de Automatización